000 00294nam a22001337a 4500
008 181024b xxu||||| |||| 00| 0 eng d
020 _a0721651925
041 _aeng
080 _a610
100 _a3
101 _aSHM
245 _aSaunders Manual Of Medicine
_cRakel. P
942 _2udc
_cBK
999 _c50844
_d50844